ANTROPOLOGICKÁ ANALÝZA KOSTROVÝCH POZOSTATKOV Z KOSTOLA SV. FRANTIŠKA V ŽALOBÍNE (OKR. VRANOV NAD TOPĽOU, VÝCHODNÉ SLOVENSKO)

Bibliographic Details
Main Authors: Petrušová Chudá, Eva (Author), Kotorová-Jenčová, Mária, 1960- (Author)
Format: Article
Language:Slovak

MARC

LEADER 00000nab a2200000 a 4500
001 vtls011117729
003 SK-MaSNL
005 20260305003037.0
008 230222|2008 xo |||||||||||||||||slo|
015 |a SNBRB 
035 |a (uuid)a5986b43-ed8f-4209-a6c5-639ae0022ca9 
035 |a (urnnbn)urn:nbn:sk:snk:ar-a08m0c 
035 |a urn:nbn:sk:snk-ab9o3i 
040 |a SNKBUCL  |b slo  |c SNKBUCL  |e AACR2 
041 0 |a slo 
044 |a xo  |c SK 
100 1 |a Petrušová Chudá, Eva  |4 aut  |9 161774 
245 1 0 |a ANTROPOLOGICKÁ ANALÝZA KOSTROVÝCH POZOSTATKOV Z KOSTOLA SV. FRANTIŠKA V ŽALOBÍNE (OKR. VRANOV NAD TOPĽOU, VÝCHODNÉ SLOVENSKO)  |c Eva Petrušová Chudá, Mária Kotorová-Jenčová 
700 1 |a Kotorová-Jenčová, Mária,  |d 1960-  |4 aut  |9 108914 
773 0 |t Slovenská antropológia : bulletin Slovenskej antropologickej spoločnosti pri SAV  |g Roč. 11, č. 2 (2008), s. 63-68 
954 |a odborná, vedecká literatúra pôvodná (slovenská)  |2 lita 
958 |a OND 
958 |a EUIPO 
958 |a article13 
999 |c 3228296  |d 3230226